[Event "Budapest Spring op 02nd"]
[Site "Budapest"]
[Date "1986.03.23"]
[Round "9"]
[White "Knaak, Rainer"]
[Black "Sokolov, Ivan"]
[Result "1-0"]
[WhiteElo "2510"]
[BlackElo "2405"]
[Annotator "Knaak,R"]
[PlyCount "65"]
[EventDate "1986.03.15"]
[EventType "swiss"]
[EventRounds "9"]
[EventCountry "HUN"]
[SourceTitle "EXT 2019"]
[Source "ChessBase"]
[SourceDate "2018.10.10"]
[SourceVersion "1"]
[SourceVersionDate "2018.10.10"]
[SourceQuality "1"]

{SCHACH 5/1986 Seite 213} 1. d4 Nf6 2. c4 e6 3. Nc3 Bb4 4. e3 O-O 5. Bd3 d5 6.
Nf3 dxc4 7. Bxc4 b6 8. O-O Bb7 9. a3 Bxc3 10. bxc3 Nbd7 11. Re1 c5 12. Bd3 e5
$6 {N} 13. e4 $1 Re8 (13... cxd4 14. cxd4 exd4 15. e5 Nd5 16. Ng5 h6 17. Qh5 {
/\ Bh7 Bf5}) 14. d5 $16 h6 15. Nd2 Nf8 16. a4 Re7 17. Nf1 Ne8 18. f4 $1 exf4
19. Bxf4 Ng6 20. Bg3 Ne5 $2 (20... Nf6) 21. Ne3 Nf6 $2 (21... Nd6 22. Ng4 (22.
Bxe5 Rxe5 23. Ng4 Rg5 24. e5 f5 25. Ne3 f4 26. Ng4 $13) 22... Nxd3 23. Qxd3 Qd7
24. c4 $16) 22. Nf5 $18 Re8 23. Bb5 Re7 24. Bh4 $1 a6 25. Bxf6 gxf6 {[#]} 26.
Nxh6+ $1 Kf8 27. Qh5 $3 axb5 28. Ng4 $1 Kg8 29. Nxf6+ Kg7 30. Qh7+ Kxf6 31.
Rf1+ Nf3+ 32. Rxf3+ Ke5 33. Qh6 $1 1-0

[Event "Foros Aerosvit"]
[Site "Foros"]
[Date "2007.06.22"]
[Round "5"]
[White "Onischuk, Alexander"]
[Black "Eljanov, Pavel"]
[Result "1/2-1/2"]
[WhiteElo "2663"]
[BlackElo "2686"]
[Annotator "Krasenkow,M"]
[PlyCount "144"]
[EventDate "2007.06.18"]
[EventType "tourn"]
[EventRounds "11"]
[EventCountry "UKR"]
[EventCategory "18"]
[SourceTitle "CBM 119"]
[Source "ChessBase"]
[SourceDate "2007.08.01"]
[SourceVersion "1"]
[SourceVersionDate "2007.08.01"]
[SourceQuality "1"]

1. d4 Nf6 2. c4 e6 3. Nc3 Bb4 4. e3 O-O 5. Bd3 d5 6. Nf3 c5 7. O-O dxc4 8. Bxc4
Nbd7 9. a3 cxd4 10. axb4 dxc3 11. bxc3 Qc7 12. Qb3 Nb6 13. Be2 e5 14. Ra5 Be6
15. Qc2 Nbd7 16. c4 {This plan in this classic variation was revived by
Vladimir Kramnik in 2001.} b6 17. Ra6 (17. Ra1 Bg4 18. Bb2 e4 19. Nd4 Bxe2 20.
Qxe2 Ne5 21. Rfc1 Nd3 {1/2-1/2 Gheorghiu,F-Mititelu,G/Bucharest 1961/EXT 2001})
(17. Ra3 {needs more tests:} Rfc8 (17... Bg4 $5) (17... a5 $5 18. Ng5 $1) 18.
Bb2 Bxc4 19. Rc1 b5 20. Bxc4 bxc4 21. Ra5 Rab8 22. Bc3 Re8 (22... e4 23. Nd4
Ng4 24. g3 Re8 25. h3 Nge5 26. Rca1 Nc6 27. Nxc6 Qxc6 28. Rxa7 Qe6 29. Kh2 Nb6
30. Qb2 Nd5 31. R1a6 Qf5 32. Ra5 f6 33. Be1 Qe6 34. Qd4 $16 {1-0 Deblauwe,
P-Ventimiglia,C/IECG 2003/Telechess CBM 101 (39)}) 23. e4 h6 24. Rca1 Rb7 25.
Qe2 Re6 26. h3 Ne8 27. Qe3 Qb6 28. Rxa7 Rxa7 29. Rxa7 Qxe3 30. fxe3 Ndf6 31.
Bxe5 Nxe4 32. Ra8 $14 {1-0 Lein,A-Rohde,M/Estes Park 1986/CBM 003 (40)}) 17...
Rfc8 (17... Qb7 18. Ra3 a5 19. Ng5 $1 axb4 20. Rxa8 Qxa8 21. Nxe6 fxe6 {
[%csl Re5,Re6]} 22. Bd2 Qe4 23. Qb2 Rc8 24. Qxb4 Qc2 25. Rc1 Qf5 26. Ra1 Nc5
27. Be1 Nfd7 28. Qd2 Rf8 29. Ra7 $14 {1-0 Lautier,J-Chabanon,J/Marseille 2001/
CBM 085 (57)}) 18. Nd2 Bd5 $1 {Probably the simplest way to solve opening
problems - Black takes this opportunity to transfer his bishop to a "better"
diagonal, push the white rook from a6, and play ...a7-a5.} (18... Qb7 19. Ra1 (
19. Ra3 b5 20. c5 a5 $1 21. bxa5 $6 (21. Rxa5 {-see 19.Ra1}) 21... Nxc5 22. a6
Nxa6 23. Qb2 b4 24. Rxa6 Rxa6 25. Bxa6 Qxa6 26. Qxb4 Nd5 $15 {1/2-1/2 Ushenina,
A-Li Ruofan/Moscow 2004/EXT 2005 (59)}) (19. b5 Nc5 20. Ra1 (20. Ra3 a6 21.
bxa6 Rxa6 22. Rxa6 Qxa6 23. Bb2 Ncd7 24. Bc3 (24. Qc3 Qa8 25. Qb4 Qc6 26. Rd1
h6 27. h3 Qc7 28. Qa3 Nc5 29. Qa1 Nfd7 30. Qb1 Na4 31. Ba1 Nac5 {1/2-1/2
Schilly,H-Wosch,A/IECG 2002/Telechess CBM 99}) 24... Qb7 25. Qb2 Qc7 26. Rd1
Ne8 27. h3 {1/2-1/2 Strangmueller,A-Utesch,W/IECG 2005/Telechess CBM 115})
20... a6 21. bxa6 Rxa6 22. Bb2 Rxa1 23. Rxa1 Nfd7 24. Bc3 (24. Bf3 Qc7 25. h3
h6 26. Ra3 Qd6 27. Ra7 Qb8 28. Ra8 Qc7 29. Ra3 Qd6 30. Ra7 Qb8 31. Ra8 {
1/2-1/2 Lautier,J-Anand,V/Cap d'Agde 2003/CBM 098}) 24... Ra8 25. Qb1 Rxa1 26.
Qxa1 f6 27. h3 Qa6 $11 {1/2-1/2 Kasimdzhanov,R-Nielsen,P/Germany 2003/CBM 099 
(55)}) 19... b5 20. c5 a5 21. Rxa5 Rxa5 22. bxa5 Nxc5 23. Qb2 (23. Bb2 $142
Nce4 $140 (23... Nb3 24. Qd3 e4 25. Qd6 Nxa5 26. Bxf6 gxf6 27. Qf4 f5 28. f3
$44) 24. Qd3 (24. Qd1 $5 Rd8 25. Nxe4 Rxd1 26. Rxd1 Qc8 27. Nc5 $44) 24... Bc4
25. Nxc4 bxc4 26. Qc2 $14) 23... Qc7 24. Nf3 Nb3 25. Bd2 Qc2 $2 (25... Nxd2 26.
Qxd2 Ne4 $11) 26. Qxc2 Rxc2 27. Bd1 Ra2 28. Bxb3 Bxb3 29. Rb1 Bd5 30. Rxb5 h6
31. Bc3 Rc2 32. Bb2 Ne4 33. a6 Rxf2 34. a7 Bc6 35. Nxe5 Rd2 36. h3 {1-0 Babula,
V-Ribli,Z/Germany 2001/EXT 2003}) (18... Nb8 19. Ra3 a5 20. Bb2 Nc6 21. b5 (21.
bxa5 Rxa5 22. Raa1 Rxa1 23. Rxa1 Nb8 24. Rc1 Nbd7 $11 {1/2-1/2 Hentze,
H-Hoegerl,F/DESC 2004/Telechess CBM 109 (40)}) 21... Ne7 22. f4 Nd7 $6 (22...
exf4 23. Bxf6 gxf6 24. Rxf4 f5 $13 {V.Kramnik}) 23. Nf3 Bf5 $2 (23... exf4 24.
Nd4 $5 $44 {V.Kramnik}) 24. Qc3 Ng6 25. Ng5 $1 Nc5 26. Bf3 $16 {[%cal Yf3d5] 1/
2-1/2 Kramnik,V-Anand,V/Wijk aan Zee 80/558 2001/Inf 80/[Kramnik,V] (35)}) 19.
f3 (19. Qa2 Bb7 20. Ra3 a5 21. bxa5 bxa5 22. Bb2 Nc5 23. Nb1 Rd8 24. Ba1 Bc6
25. Nc3 Nce4 26. Nb5 Bxb5 27. cxb5 Rd2 28. Qc4 Qxc4 29. Bxc4 Nd6 30. Bd3 e4 31.
Be5 exd3 32. Bxd6 Rb2 33. Be5 Rxb5 34. Bxf6 gxf6 35. Rxd3 a4 {1/2-1/2
Rogozenko,D-Farago,I/Hamburg 2002/CBM 088 ext}) 19... Bb7 20. Ra3 a5 $1 {
Compared to some lines seen above (e.g. 17...Qb7), this move goes quite
smoothly.} 21. bxa5 bxa5 22. Bb2 Nc5 23. Nb3 Nfd7 24. Nxc5 Nxc5 25. f4 $1 {
White must open up the position for his bishop pair, otherwise he will be
worse due to Black's blockade on c5 and passed a5 pawn.} Be4 26. Qc3 Re8 27.
fxe5 a4 28. Rf4 Rab8 29. Bf1 Bc6 30. Qc2 {White has enough kingside
counterplay to keep the balance.} Ne6 31. Rf2 Rb7 32. Bd3 h6 33. Bf5 Reb8 34.
Bc3 Qe7 35. Ra1 Qh4 36. Qd3 Rb3 37. Bxe6 fxe6 38. Qg6 Qe4 39. Qxe4 Bxe4 {
[%mdl 4096] The endgame looks unpleasant for White but he can hold his ground.}
40. Bd4 R8b4 41. Rfa2 Bc6 42. c5 Kf7 43. Kf2 Kg6 44. Rf1 Kf5 45. Kg3+ $6 (45.
Ke2+ $1) 45... Kg6 (45... Ke4 $1 {was quite possible - if} 46. Rd2 $5 (46. Rf4+
Kd3) {then} 46... g5 $1) 46. Kf4 $2 {A moment of inaccuracy and...} (46. Kf2)
46... Kh5 $1 $19 {[%cal Rg7g5,Rb4d4] suddenly the white king is in a mating
net!} 47. Rf3 (47. Rd2 Kh4 48. g3+ Kh3 $19 {[%cal Rg7g5]}) 47... g5+ 48. Kg3
Rc4 49. h3 Bxf3 50. gxf3 a3 $19 51. Rh2 Rc1 $6 (51... Ra4 $1 52. Ra2 Kg6 $22 {
was the simplest way to win.} 53. Kf2 $140 Rxd4 $1 54. exd4 Rb2+) 52. h4 Kg6
53. hxg5 hxg5 54. Rh8 Rd3 $2 {Again Black doesn't find the best plan: the pawn
to a2, rooks to b1 and d2 threatening ...Rd2xd4! E.g.} (54... a2 55. Rg8+ Kf7
56. Ra8 Rc2 57. Kg4 Rb1 58. Kxg5 Rg2+ 59. Kf4 Rd2) 55. Rg8+ Kf7 56. Ra8 Kg6 (
56... Rc4 $5 {, preventing Kg3-g4 and preparing a king march to the queenside.}
) 57. Rg8+ Kh7 58. Ra8 Rd2 {Black loses patience, giving up his main trump -
the a3 pawn. However, his hunt on the white king should be successful.} 59.
Rxa3 Rg1+ 60. Kh3 Rh1+ 61. Kg3 Rg1+ 62. Kh3 Rgg2 (62... Kg6 $5 63. Ra1 $1 (63.
Ra8 Rgg2 64. f4 Kf5 65. Rf8+ Ke4 $19) 63... Rgg2 64. Rh1 Rc2 65. Bc3 Rce2 66.
Bd4 Kh5 $22 67. c6 (67. Bc3 g4+ 68. fxg4+ Rxg4 $19) 67... Rc2 $19) 63. f4 g4+
64. Kh4 Kg6 65. Ra8 Rg1 $4 {A terrible mistake giving the victory away.} (65...
Kf5 $1 {[%cal Rg2h2]} 66. Rf8+ $8 Ke4 $19 {[%csl Gg4][%cal Rg2h2]}) 66. Rg8+ $4
({After} 66. f5+ $1 {Black should suddenly take the draw:} Kh6 $3 (66... Kxf5
$2 67. e4+) (66... exf5 $2 67. Ra6+ Kf7 68. Kg5 $18 {[%cal Ye5e6]}) 67. Rh8+
Kg7 68. Ra8 (68. Re8 $2 g3 69. f6+ Kf7 70. Re7+ Kf8 $19) 68... Kh6 $1 $11 (
68... g3 $143 69. f6+ Kf7 70. Ra7+ Ke8 (70... Kf8 $2 71. Kg5 $18) 71. c6 $1 Rc2
72. e4 Re1 73. Kxg3 Rxc6 74. Bb2 $14)) 66... Kh6 67. Rh8+ Kg7 68. Ra8 Kh6 $2 {
Black fails to find a win under time pressure and agrees to repeat moves.} (
68... g3 $1 69. Kg5 Rh1 $1 (69... g2 70. Ra7+ Kf8 71. Kf6 Kg8 $8 $11) 70. Ra7+
(70. c6 Rxd4 $1) 70... Kf8 71. Ra8+ (71. Kf6 Rh6+) 71... Ke7 72. Ra7+ Kd8 73.
c6 Rxd4 $1 $19) 69. Rh8+ Kg6 70. Rg8+ Kh6 71. Rh8+ Kg7 72. Ra8 Kh6 1/2-1/2

[Event "Grand Slam Final 2nd"]
[Site "Bilbao"]
[Date "2009.09.07"]
[Round "2"]
[White "Aronian, Levon"]
[Black "Karjakin, Sergey"]
[Result "1-0"]
[WhiteElo "2773"]
[BlackElo "2722"]
[Annotator "Krasenkow,M"]
[PlyCount "59"]
[EventDate "2009.09.06"]
[EventType "tourn"]
[EventRounds "6"]
[EventCountry "ESP"]
[EventCategory "20"]
[SourceTitle "CBM 132"]
[Source "ChessBase"]
[SourceDate "2009.09.16"]
[SourceVersion "1"]
[SourceVersionDate "2009.09.16"]
[SourceQuality "1"]

1. d4 Nf6 2. c4 e6 3. Nc3 Bb4 4. e3 O-O 5. Bd3 c5 6. Nf3 d5 7. O-O dxc4 8. Bxc4
Nbd7 9. Qe2 b6 10. Rd1 cxd4 11. exd4 {This line was explained by GM Levon
Aronian in annotations to his game vs. P.Leko (see CBM 130).} Bb7 {GM Sergey
Karjakin deviates first. Leko played} (11... Bxc3) 12. d5 {This old,
well-forgotten line is considered satisfactory for Black.} (12. Ne5 $5) 12...
Bxc3 {Otherwise White obtains a clear plus due to his development advantage:} (
12... exd5 13. Nxd5 Re8 (13... Nxd5 14. Bxd5 Bxd5 15. Rxd5 Qc7 16. Bg5 Qc6 17.
Rad1 Nf6 18. Ne5 Qxd5 19. Rxd5 Nxd5 20. Qe4 $16 {1/2 Dueball,J (2455)
-Schlemermeyer,W/Germany 1981/GER-chT (42)}) 14. Qc2 $1 (14. Be3 $143 Nxd5 (
14... Bd6 $5) 15. Bxd5 Bxd5 16. Rxd5 Qc7 17. Qb5 Nf6 18. Rc1 Qb7 19. Rdd1 Bf8
20. Bd4 Ne4 21. a4 Re6 22. Be3 Rd6 {1/2 Panno,O-Eliskases,E/Mar del Plata 1962/
MCD}) 14... Nxd5 15. Bxd5 Bxd5 16. Rxd5 Qe7 17. Bg5 Qe6 18. Rad1 Nf6 (18... Nf8
19. a3 Be7 20. Re5 Qg6 21. Qe2 $16) 19. Re5 Qc8 (19... Qxe5 20. Nxe5 Rxe5 $16 {
0-1 Scott,W (2100)-Ashton,A (1992)/IECG 2001/Complete 2001 (28)}) 20. Qb3 Rxe5
21. Nxe5 Qe6 22. Qxe6 fxe6 23. Nc6 Bf8 24. Rd8 Rxd8 25. Nxd8 $16 {1-0 Donner,
J-Matanovic,A/Leipzig 1960/EXT 1999 (57)}) (12... e5 13. Bg5 $5 Bxc3 14. bxc3
Rc8 15. Bb5 e4 16. Nd4 Ne5 17. Nf5 Rc5 18. Ng3 Rxd5 19. Nxe4 $16 {1-0 Howell,J
(2505)-Kumaran,D (2425)/London 1993/TD (32)}) 13. dxe6 $1 Bxf3 14. gxf3 $1 (14.
Qxf3 {allows Black to equalize by means of} Ne5 $1 15. exf7+ (15. Qe2 Qc7 16.
Bb3 Neg4 17. g3 Qe5 18. Qxe5 Bxe5 19. h3 Nh6 20. g4 fxe6 21. g5 Nf7 22. gxf6
Bxf6 23. Bxe6 Rae8 $11 {1-0 Donner,J-Van den Berg,C/Beverwijk 1965/MCD (48)})
15... Kh8 16. Rxd8 Nxf3+ 17. gxf3 Raxd8 (17... Rfxd8 $2 18. bxc3 Rd1+ 19. Kg2
Nd7 20. f4 $1 h6 21. Bb2 Rxa1 22. Bxa1 Rd8 23. Bb2 g6 24. Bd5 $1 $16 {1-0
Donner,J-Karaklajic,N/Amsterdam 1965/MCL/[Belov] (46)}) 18. bxc3 Nd5 {Or else:}
(18... Rd7 19. Ba3 Rfxf7 20. Bxf7 Rxf7 21. Rd1 Rd7 22. Rxd7 Nxd7 23. Kf1 Kg8
24. Ke2 Kf7 25. Kd3 Ke6 $11 {1/2 Portisch,L-Donner,J/Hamburg 1965/EU-chT (47)})
(18... Rd1+ 19. Kg2 Nd7 20. Bb3 (20. f4 Nc5 21. Bb2 Rd7 22. Re1 g6 23. Re5 Kg7
24. Ba3 Rc7 25. Kf3 Kf6 26. Bd5 Rfxf7 27. Bxf7 Kxf7 28. Bxc5 bxc5 29. c4 Rc6 $1
30. a4 Ra6 31. Rxc5 Rxa4 32. Rc7+ Ke6 33. Rxh7 Rxc4 34. Rxa7 Rc1 35. Ra5 Kf6
36. h3 {1/2 Janosi,E-Salzmann,S/LSS 2007/Telechess CBM 125}) 20... Re1 21. Bb2
Rxa1 22. Bxa1 Nc5 23. Bd5 Nd3 24. Bb3 Nc5 25. Bd5 Nd3 26. Bb3 Nc5 27. Bd5 {
1/2 Lyrberg,P (2415)-Kindermann,S (2535)/Gausdal 1994/EXT 1998}) 19. Bg5 Rd7
20. Re1 h6 21. Bxd5 Rxd5 22. Re8 Rxg5+ 23. Kf1 Rf5 24. Rxf8+ Kh7 25. Ke2 g5 26.
Ke3 Kg7 27. Rd8 Rxf7 28. Rd4 Rc7 29. c4 Rc5 30. f4 gxf4+ 31. Kxf4 Ra5 $11 {
1/2 Tal,M-Gipslis,A/Riga 1965/EXT 2000 (35)}) 14... fxe6 (14... Qc7 15. exd7
Be5 16. Bg5 h6 17. Bxf6 Bxf6 18. Ba6 Qf4 19. Rd5 Rad8 20. Rad1 $18 {1-0
Bobotsov,M-Milev,Z/Sofia 1958/EXT 2001 (32)}) 15. bxc3 Qc7 (15... Kh8 16. Ba3
Re8 17. Bb5 $1 (17. Kh1 $143 Nd5 $1 (17... Rc8 18. Bb5 Qc7 {0-1 Ricardi,P 
(2545)-Garcia,G (2490)/Cali 2001/CBM 083 ext (54)} 19. Rac1 $14) 18. Bb2 Qh4
19. Rd4 Nf4 20. Qe3 e5 21. Rd6 (21. Rxd7 Qh3) 21... Nf6 $36 {0-1 Furman,
S-Forintos,G/Budapest 1959/EXT 2001 (34)}) 17... a6 18. Bc6 Rc8 19. Rd6 Qe7 20.
Bb4 Qf7 21. Rad1 Rc7 22. c4 h6 23. Bc3 $6 (23. Ba4 $142 Rec8 24. Bb3 $14) 23...
Rec8 24. Bxd7 Rxd7 25. Rxb6 Rxd1+ 26. Qxd1 Nh5 27. Be5 Qg6+ 28. Kh1 Rxc4 29.
Rxa6 Qf5 $132 {1/2 Sasikiran,K (2669)-Aleksandrov,A (2616)/Warsaw POL 2009/The
Week in Chess 768 (37)}) 16. Ba3 $146 {[%mdl 8] A new concept. White keeps the
e6-pawn alive, avoiding opening the e-file for the black rook.} (16. Bxe6+ {
leads to a position in which Black exploits White's ruined pawn structure by
means of active play:} Kh8 17. Be3 (17. f4 Nc5 18. f5 Nfe4 19. Rd4 Nxe6 20.
Rxe4 Nc5 $132 {0-1 Donner,J-Portisch,L/Leipzig 1960/EXT 1999 (29)}) (17. Ba3
Nc5 18. Bxc5 Qxc5 19. Qe3 Qc6 20. Rd4 Rae8 21. Re1 Re7 22. f4 Ng4 23. Qe2 Qxc3
$132 {1/2 Udot,O-Endean,A/IECG 2004/Telechess CBM 105 (49)}) 17... Nc5 (17...
Rae8 18. Qc4 Qxc4 19. Bxc4 Ne5 20. Be2 Nh5 21. a4 Nf4 22. Bb5 Rc8 23. Ba6 Rb8
24. a5 Nxf3+ 25. Kh1 Rf6 26. Rd7 bxa5 27. Rxa7 Nd5 28. Bb7 Nxe3 29. fxe3 $16 {
1-0 Altmann,E-Pitirimov,S/IECG 2004/Telechess CBM 107 (48)}) 18. Bc4 (18. Bd5
Nxd5 19. Rxd5 Ne6 20. Qd3 Nf4 21. Bxf4 Qxf4 22. Kg2 Rad8 $11 {1/2 Gligoric,
S-Unzicker,W/Leipzig 1960/EXT 1999 (25)}) (18. Bh3 Nh5 19. Bg4 Nf4 20. Qc4 Qf7
21. Qxf7 Rxf7 22. Bxf4 Rxf4 23. Rd4 Raf8 24. Rxf4 Rxf4 25. Rd1 g6 $11 {1/2
Lexa,V (2360)-Schloesser,F (2475)/ICCF 1997/CBM 114 (38)}) 18... Na4 19. Rd4
Nxc3 20. Qd3 Na4 21. Bf4 Qc8 22. Bd6 Nc5 23. Qd2 Rd8 24. Re1 Re8 25. Re5 Rxe5
26. Bxe5 Qf8 27. Bd6 Qe8 $14 {/=1/2 Deforel,J (2373)-Dias,S (2379)/email CXEB
1999/81 telechess (71)}) 16... Nc5 17. Rd4 Kh8 (17... Rae8 {was probably more
natural and enough for equality. Then the idea ...Nf6-d5 would work better.})
18. Re1 Rac8 19. Qe5 Qf7 20. Bc1 $5 Nd5 {Black consistently tries to feed
White with his e-pawn.} (20... Nfd7 {was simpler:} 21. Qf4 Qh5 ({or} 21... Qxf4
22. Rxf4 Rxf4 23. Bxf4 Rf8 24. Bd6 Rxf3 25. Bxe6 Nf6 26. Bxc5 bxc5 27. Rb1 h5 {
- the endgame should be drawn}) 22. Qg4 Qxg4+ 23. fxg4 e5 24. Rdd1 e4 {with
sufficient counterplay.}) 21. Bxd5 exd5 22. Qxd5 Qxf3 $6 {Taking into
consideration the consequences, Black should have probably evaded the exchange
of queens:} (22... Qg6+ 23. Rg4 (23. Kh1 $143 Rf5 24. Qd8+ Rf8 25. Qd6 Qh5 $132
) 23... Qf6 $14 {/=}) 23. Qxf3 Rxf3 {At first glance, White's pawn structure
should not give him any winning chances. However...} 24. Re7 $1 {There are two
pairs of rooks on the board! Therefore this invasion of the 7th rank is quite
dangerous.} Rxc3 $2 {[%mdl 16384]} (24... Kg8 $1 25. Rxa7 Rf7 {, giving up a
pawn but covering the 7th rank, was absolutely necessary and gave Black
chances to survive.}) 25. Be3 $1 $18 {[%cal Rd4g4,Re3d4] Black is even a pawn
up now but he can't protect the g7 point!} (25. Bf4 $143 Rg8 $1 26. Be5 $140
Nd3 $1) 25... Ra3 26. Rg4 h5 27. Rg5 h4 (27... Ra4 28. Rxh5+ Kg8 29. Rg5 $18) (
27... Rd8 $145 28. Rxh5+ Kg8 29. Rg5 Kh8 30. Rgxg7 (30. h3 $145 $1 Rxa2 31. Kh2
{/\ 32.Rgxg7} Rd7 32. Bxc5 Rxe7 33. Bxe7 Rxf2+ 34. Kg3 $18) 30... Rg8 31. Bd4
Rxg7+ 32. Rxg7 Rd3 {allowed tougher resistance and held out for longer 
(Karsten Mueller). war noch zäher, hinhaltender Widerstand möglich (Karsten
Mueller).}) 28. Bd4 Kh7 29. Rgxg7+ Kh6 30. Bb2 1-0

[Event "Capablanca Memorial Elite 47th"]
[Site "Havana"]
[Date "2012.05.05"]
[Round "2"]
[White "Laznicka, Viktor"]
[Black "Quesada Perez, Yuniesky"]
[Result "1-0"]
[WhiteElo "2693"]
[BlackElo "2625"]
[Annotator "Let's Check"]
[PlyCount "83"]
[EventDate "2012.05.03"]
[EventType "tourn"]
[EventRounds "10"]
[EventCountry "CUB"]
[EventCategory "18"]
[SourceTitle "CBM 149"]
[Source "ChessBase"]
[SourceDate "2012.07.17"]
[SourceVersion "1"]
[SourceVersionDate "2012.07.17"]
[SourceQuality "1"]

1. d4 Nf6 2. c4 e6 3. Nc3 Bb4 4. e3 O-O 5. Bd3 d5 6. Nf3 c5 7. O-O dxc4 8. Bxc4
b6 9. Qe2 Bb7 10. Rd1 cxd4 11. Nxd4 Qe7 12. Bd2 Nbd7 13. a3 Bc5 14. Be1 a6 15.
b4 Bd6 16. Rac1 b5 17. Bb3 Rac8 18. f3 Ne5 19. Bg3 Rfd8 20. Bf2 Bb8 21. Na2 Nd5
22. Bg3 Nb6 23. Rxc8 Rxc8 24. e4 h6 25. Kf1 Qf6 26. Nc1 Nbc4 27. a4 $6 (27.
Bxc4 bxc4 28. Bf2 $17) 27... bxa4 $2 (27... Ng4 28. Bxc4 Bxg3 $19) 28. Bxc4 $11
Nxc4 29. Bxb8 Rxb8 30. Qxc4 Bxe4 31. Nce2 Bd5 32. Qc5 a3 33. Nc3 Rd8 34. Nde2
a2 35. Qa5 Rd6 36. Nxa2 Rc6 37. Nac1 Qh4 38. h3 Qg5 39. Nd3 Rc2 40. Ndf4 Ra2
41. Qc7 Rb2 42. Nxd5 1-0

[Event "USA-ch"]
[Site "Saint Louis"]
[Date "2012.05.19"]
[Round "11"]
[White "Kaidanov, Gregory S"]
[Black "Akobian, Varuzhan"]
[Result "0-1"]
[WhiteElo "2594"]
[BlackElo "2625"]
[Annotator "Let's Check"]
[PlyCount "66"]
[EventDate "2012.05.08"]
[EventType "tourn"]
[EventRounds "11"]
[EventCountry "USA"]
[EventCategory "16"]
[SourceTitle "CBM 149"]
[Source "ChessBase"]
[SourceDate "2012.07.17"]
[SourceVersion "1"]
[SourceVersionDate "2012.07.17"]
[SourceQuality "1"]

1. d4 Nf6 2. c4 e6 3. Nc3 Bb4 4. e3 O-O 5. Bd3 d5 6. Nf3 c5 7. O-O dxc4 8. Bxc4
Nbd7 9. a3 Bxc3 10. bxc3 b6 11. Re1 Bb7 12. Bd3 Ne4 13. Bb2 f5 14. c4 Qe7 15.
a4 a5 16. Rb1 Rad8 17. Ba1 Rf6 18. d5 Rg6 19. Bxe4 fxe4 20. d6 Rxg2+ 21. Kxg2
exf3+ 22. Kh1 Qh4 23. Rg1 e5 24. Qd2 Be4 25. Rbc1 Re8 26. Rg3 Re6 27. Rcg1 $4 (
27. Rd1 g6 28. Kg1 $15) 27... Rh6 $19 28. Rxg7+ Kf8 29. Rg8+ Kf7 30. R1g7+ Kf6
31. Kg1 Qxh2+ 32. Kf1 Rg6 33. Rxg6+ hxg6 0-1